POTRAWY, KTÓRE PRZYRZĄDZAJĄ SOBIE STUDENCI: - Statystyki

Ogólne statystyki
  • Ten quiz został rozwiązany 128 razy
  • Średni wynik to 4 z 8
Statystyki odpowiedzi
Odpowiedź % Poprawnych
ZUPKA CHIŃSKA
71%
PARÓWKI
68%
PIZZA
53%
SPAGHETTI
46%
FRYTKI
42%
JAJECZNICA
39%
PIEROGI
34%
ZAPIEKANKI
14%
Nie znaleziono quizów pasujących do podanych kryteriów
Rozkład punktacji
Procent ludzi z każdym wynikiem
Percentyl według liczby udzielonych odpowiedzi
Twoja historia wyników
Nie rozwiązałeś tego quizu